000 01257nam a22001937a 4500
999 _c60278
_d60278
003 Ge_BSU
005 20230623161543.0
008 230623s1984 ge ||||| |||| 00| 0 geo d
041 _ageo
080 _a378(061) თ-40
245 _aთბილისის სახელმწიფო უნივერსიტეტის შრომები :
_bტ. 249, არქეოლოგია, კლასიკური ფილოლოგია, ბიზანტინისტიკა 3/4 = Археология, классическая филология, византинистика 3/4 /
_cთბილისის უნივერსიტეტი; რედ. რ. გორდეზიანი.
264 _aთბილისი :
_bთბილისის უნ-ტის გამ-ბა და სტ.,
_c1984.
300 _a523 გვ. :
_bსურ. ;
_c20 სმ.
501 _aტექსტი ქართ. და რუს. ენ.
653 _aარქეოლოგია, კლასიკური
653 _a ფილოლოგია, ბიზანტინისტიკა
700 _aგორდეზიანი, რისმაგ
_eრედაქტორი
_918945
942 _2udc
_cBK